Plant closure and market dynamics: competitive strategy and rationalization.
Výskum úlohy trhovej dynamiky a konkurenčnej stratégie v prípade zatvorenia podniku z dôvodov nutnosti zníženia výrobnej kapacity na trhu s nadmernými zásobami - prípadová štúdia. Adaptácia takého podniku na nové podmienky na trhu - pokles podielu na trhu, objavenie sa nových vstupov na trh, zmeny v...
Enregistré dans:
| Auteur principal: | |
|---|---|
| Format: | Chapitre de livre |
| Langue: | anglais |
| Sujets: | |
| Tags: |
Pas de tags, Soyez le premier à ajouter un tag!
|
MARC
| LEADER | 00000naa a2200000 4500 | ||
|---|---|---|---|
| 001 | r011818 | ||
| 005 | 20220913122249.4 | ||
| 041 | 0 | |a eng | |
| 044 | |a US | ||
| 245 | 1 | 0 | |a Plant closure and market dynamics: competitive strategy and rationalization. |c I. Maclachlan |
| 520 | |a Výskum úlohy trhovej dynamiky a konkurenčnej stratégie v prípade zatvorenia podniku z dôvodov nutnosti zníženia výrobnej kapacity na trhu s nadmernými zásobami - prípadová štúdia. Adaptácia takého podniku na nové podmienky na trhu - pokles podielu na trhu, objavenie sa nových vstupov na trh, zmeny v dodávateľsko-odberateľských vzťahoch. | ||
| 610 | 2 | 0 | |a stratégia podniková |
| 610 | 2 | 0 | |a likvidácia podniku |
| 610 | 2 | 0 | |a konkurencia |
| 610 | 2 | 0 | |a štúdie prípadové |
| 610 | 2 | 0 | |a adaptácia |
| 610 | 2 | 0 | |a trh |
| 610 | 2 | 0 | |a vstupy |
| 610 | 2 | 0 | |a vzťahy dodávateľsko-odberateľské |
| 610 | 2 | 0 | |a zmeny štruktúrne |
| 610 | 2 | 0 | |a racionalizácia |
| 610 | 2 | 0 | |a prepúšťanie pracovníkov |
| 610 | 2 | 0 | |a Kanada |
| 100 | 1 | |a Maclachlan, I. | |